El principio de reserva de ley, la doctrina de la Corte Suprema y el impuesto ley 25.413 (Registro nro. 34830)

Detalles MARC
000 -LEADER
fixed length control field 00360 a2200109 4500
001 - CONTROL NUMBER
control field ART_45477
005 - DATE AND TIME OF LATEST TRANSACTION
control field 20260410162040.0
008 - FIXED-LENGTH DATA ELEMENTS--GENERAL INFORMATION
fixed length control field 260409a
100 1# - MAIN ENTRY--PERSONAL NAME
Personal name Spisso, Rodolfo Roque
245 10 - TITLE STATEMENT
Title El principio de reserva de ley, la doctrina de la Corte Suprema y el impuesto ley 25.413
773 0# - HOST ITEM ENTRY
Title Impuestos
Related parts - Nº 24 (mar. 2018)
Record control number REV45175

No hay ítems disponibles.